| 000 | 00818nam a22001337a 4500 | ||
|---|---|---|---|
| 040 | _cRUA | ||
| 082 | _aFOR SRE 2010 B139 Or.1 | ||
| 100 | _aSRENG, SYNEATH. | ||
| 245 | _aThe comparison of income taking from non-timber forest product in community forestry at sraeampum commuce pechrada distridt mondulkiri province, ការប្រៀបថៀបពីប្រាក់ចំណូលដែលបានពីអនុផលព្រៃឈើរបស់សហគមន៍ព្រៃឈើនៅក្នុងឃុំស្រែអំពូម ស្រុកពេជ្រាដា ខេត្តមណ្ឌលគីរី | ||
| 260 |
_aPhnom Penh _bRUA _c2010 |
||
| 300 |
_ax; 43p. _bill. _c29cm. |
||
| 856 | _uhttps://drive.google.com/file/d/1r7l2HbLWO8H0sKT4tVZQWcnK7BTiq8Fc/view?usp=sharing | ||
| 942 | _cFOR | ||
| 999 |
_c3392 _d3392 |
||